Взаимосвязь английских и российских династий; Исследования молодых - регионам; Т. 1

Bibliografiset tiedot
Parent link:Исследования молодых - регионам: сборник трудов I Всероссийской научно-практической конференции, 29-31 марта 2011 г., г. Томск/ Национальный исследовательский Томский политехнический университет (ТПУ), Новокузнецкий филиал (НФ); под ред. С. И. Каковихиной.— , 2011
Т. 1.— 2011.— C. 72-74
Päätekijä: Кривошеева В. А.
Muut tekijät: Сапрыгин С. А. (научный руководитель)
Kieli:venäjä
Julkaistu: 2011
Sarja:Региональные социогуманитарные исследования (история, страноведение, культура)
Aiheet:
Aineistotyyppi: Kirjan osa
KOHA link:https://koha.lib.tpu.ru/cgi-bin/koha/opac-detail.pl?biblionumber=247677

MARC

LEADER 00000naa2a2200000 4500
001 247677
005 20231031212138.0
035 |a (RuTPU)RU\TPU\book\269254 
035 |a RU\TPU\book\269253 
090 |a 247677 
100 |a 20140113d2011 k y0rusy50 ca 
101 0 |a rus 
102 |a RU 
200 1 |a Взаимосвязь английских и российских династий  |f В. А. Кривошеева  |g науч. рук. С. А. Сапрыгин 
225 1 |a Региональные социогуманитарные исследования (история, страноведение, культура) 
320 |a Библиогр.: с. 73-74 (5 назв.) 
461 1 |0 (RuTPU)RU\TPU\book\251726  |t Исследования молодых - регионам  |o сборник трудов I Всероссийской научно-практической конференции, 29-31 марта 2011 г., г. Томск  |f Национальный исследовательский Томский политехнический университет (ТПУ), Новокузнецкий филиал (НФ); под ред. С. И. Каковихиной  |d 2011 
463 0 |0 (RuTPU)RU\TPU\book\250366  |y 978-5-98298-906-2  |t Т. 1  |v C. 72-74  |d 2011  |p 340 с. 
610 1 |a династии 
610 1 |a Россия 
610 1 |a Англия 
610 1 |a правители 
610 1 |a монархия 
610 1 |a родственные отношения 
610 1 |a русские династии 
610 1 |a английские династии 
700 1 |a Кривошеева  |b В. А. 
702 1 |a Сапрыгин  |b С. А.  |4 727 
801 1 |a RU  |b 63413507  |c 20131111 
801 2 |a RU  |b 63413507  |c 20140113  |g RCR 
942 |c BK